VAT Attacks! /

Like the theory of the second best that the 2006 congress marks, the VAT is now fifty years old. Judged by the extent and speed of its spread around the world, and the revenue that it raises, the VAT would seem to have been a remarkable success. Over the last few years, however, it has come under a...

תיאור מלא

מידע ביבליוגרפי
מחבר ראשי: Keen, Michael
פורמט: כתב-עת
שפה:English
יצא לאור: Washington, D.C. : International Monetary Fund, 2007.
סדרה:IMF Working Papers; Working Paper ; No. 2007/142
גישה מקוונת:Full text available on IMF
LEADER 01856cas a2200241 a 4500
001 AALejournalIMF009305
008 230101c9999 xx r poo 0 0eng d
020 |c 5.00 USD 
020 |z 9781451867060 
022 |a 1018-5941 
040 |a BD-DhAAL  |c BD-DhAAL 
100 1 |a Keen, Michael. 
245 1 0 |a VAT Attacks! /  |c Michael Keen. 
264 1 |a Washington, D.C. :  |b International Monetary Fund,  |c 2007. 
300 |a 1 online resource (21 pages) 
490 1 |a IMF Working Papers 
500 |a <strong>Off-Campus Access:</strong> No User ID or Password Required 
500 |a <strong>On-Campus Access:</strong> No User ID or Password Required 
506 |a Electronic access restricted to authorized BRAC University faculty, staff and students 
520 3 |a Like the theory of the second best that the 2006 congress marks, the VAT is now fifty years old. Judged by the extent and speed of its spread around the world, and the revenue that it raises, the VAT would seem to have been a remarkable success. Over the last few years, however, it has come under a series of attacks. This paper considers three of the most prominent of these. One is the fear (raised mainly in the United States) that the VAT actually does too good a job of raising tax revenue. The second is the view that the VAT does a bad job of taxing the informal sector-and that tariffs might be a better revenue-raising instrument for many developing countries. The third attack is the most literal, by criminals rather than theorists: in the European Union and elsewhere, sophisticated VAT fraud, targeting its refund provisions, has become a serious concern. 
538 |a Mode of access: Internet 
830 0 |a IMF Working Papers; Working Paper ;  |v No. 2007/142 
856 4 0 |z Full text available on IMF  |u http://elibrary.imf.org/view/journals/001/2007/142/001.2007.issue-142-en.xml  |z IMF e-Library